[Archiv für schlesische Kirchengeschichte]

Titel: [Archiv für schlesische Kirchengeschichte]
Verfasser:
In: Band 20 (2004), Seite 206-209
Oberschlesisches Jahrbuch, Band 20 (2004), Seite 206-209
alle Artikel anzeigen
Veröffentlicht: 2004 [2006]
Format: Aufsatz
Sprache: Deutsch
Schlagworte:
Kein Bild verfügbar
X
alg: 39477610
001A    $01999:12-11-16 
001B    $03025:28-03-24 $t14:49:18.000 
001D    $01999:12-11-16 
001U    $0utf8 
001X    $00 
002@    $0Aox 
003@    $0394776100 
007A    $0394776100 $aHEB 
007T    $0Herdc0015043m 
010@    $ager 
011@    $a2004 $n2004 [2006] 
013D    $#Newspapers Sections, columns, etc. Reviews $#Book reviewing $#Journaux Cahiers, chroniques, etc. Comptes rendus $#Livres Recension $#Rezension $#Buchbesprechung $#Buchrezension $#Buchkritik $74049712-4 $8Rezension [Ts1] $9085138568 
021A    $a[Archiv für schlesische Kirchengeschichte] 
028A    $BVerfasser $4aut $7132472160X $8Lempart, Matthias [Tp3] $951671306X 
031A    $d20 $h206-209 $j2004 
039B    $aRezension des Bandes 62 (2004) 
039B    $aIn $8--Abvc--. Oberschlesisches Jahrbuch. - Ratingen : Stiftung Haus Oberschlesien, 1985-2009. - ISSN 0930-6978 $x200400000200000794 $904709043X 
039T    $aRezension von $8--Abvc--. Archiv für schlesische Kirchengeschichte. - Münster : Aschendorff, 1936-2020. - ISSN 0066-6491 $9046824294 
045F    $a900.9438 $eDDC23BSB 
045F/01 $a900 
045F/03 $g438 
045F/03 $g4385 
045T    $a8,1 

lok: 39477610 78

exp: 39477610 78 1 #EPN
201B/01 $018-11-16 $t12:41:48.000 
201U/01 $0utf8 
203@/01 $0791074714 
208@/01 $a12-11-16 $be 
209A/01 $a/ $f000 $x00 
220C/01 $aTitelaufnehmer: wr 
244Z/01 $2Trx $#Silesia $#Śląsk $#Sliezsko $#Slezsko $8--Trx--Schlesien $x01 $9391173987 
244Z/01 $2Trx $#Poola $#Lenkija $#Polija $#Polen Land $#Poland $#Lengyelország $#Poľsko $#Polsko $8--Trx--Polska$gkraj $x02 $9391345966 
244Z/01 $2Trx $#arvustused $#recenzijos $#Reviews $#recenziók $#recenzje $#recenzie $#recenze $8--Trx--Rezensionen $x03 $9391357441 
247C/01 $82080>Marburg/Lahn, Herder-Institut, Forschungsbibliothek, Bibliographieportal $9336309341
LEADER 00000caa a22000002c 4500
001 394776100
003 DE-603
005 20240328144918.0
007 tu
008 161112s2004 xx |||| | u00||u|ger c
035 |a (DE-599)HEB394776100 
040 |a DE-603  |b ger  |c DE-603  |d DE-603 
041 |a ger 
082 0 4 |8 1\u  |a 900.9438  |q DE-101  |2 23/BSB 
084 |a 8,1  |2 ssgn 
085 |8 1\u  |b 900 
085 |8 1\u  |z 2  |s 438 
085 |8 1\u  |z 2  |s 4385 
100 1 |a Lempart, Matthias  |e Verfasser  |4 aut  |0 (DE-603)51671306X  |0 (DE-588)132472160X  |2 gnd 
245 0 0 |a [Archiv für schlesische Kirchengeschichte] 
264 0 |c 2004 [2006] 
655 7 |a Rezension  |2 gnd-content  |0 (DE-588)4049712-4  |0 (DE-603)085138568 
773 0 8 |i Rezension des Bandes 62 (2004)  |g Band 20 (2004), Seite 206-209 
773 0 8 |i In  |t Oberschlesisches Jahrbuch  |d Ratingen : Stiftung Haus Oberschlesien, 1985-2009  |h 24 cm  |x 0930-6978  |g Band 20 (2004), Seite 206-209  |w (DE-603)04709043X  |w (DE-600)82431-8 
787 0 8 |i Rezension von  |t Archiv für schlesische Kirchengeschichte  |d Münster : Aschendorff, 1936-2020  |x 0066-6491  |w (DE-603)046824294  |w (DE-600)467-4 
924 0 |9 2080  |a (DE-603)791074714  |b DE-2080  |c HES  |d d  |g /